Les Fruits du Démon à l'apparence connue - Statistiques

Statistiques générales
  • Ce quiz a été pris 21 fois
  • Le résultat moyen est 18 sur 33
Statistiques - réponses
Par images Réponse % Correct
Fruit du Gum-Gum
89%
Pyro-Fruit
89%
Fruit des Fils
78%
Fruit des Sables
78%
Fruit des Ténèbres
78%
Fruit du Bistouri
78%
Ciro-Fruit
72%
Fruit de la Fragmentation
72%
Fruit de la Passion
72%
Fruit de l'Humain
72%
Fruit Boum-Boum
67%
Fruit du Félin version Léopard
67%
Magnéto-Fruit
67%
Fruit de l'Ombre
61%
Fruit des Eclosions
61%
Fulguro-Fruit
61%
Fruit de la Résurrection
56%
Fruit de l'Ectoplasme
56%
Fruit Tailladant
56%
Fruit du Riz Gluant
50%
Fruit Fumigène
50%
Fruit du Bovin, Version Bison
44%
Fruit du Bovin, version Girafe
44%
Fruit Bubulle
39%
Fruit Glisse-Glisse
39%
Fruit Kilo-Kilo
39%
Fruit du Pinceau
33%
Fruit du Poisson, modèle Dragon Azur
33%
Travesti Fruit
33%
Fruit du Glouton
28%
Fruit de la Salamandre, version Axolotl
22%
Fruit du Canidé, Version Loup Divin
11%
Fruit du Reptile, modèle Serpent à Huit Têtes
11%
Aucun quiz correspondant
Distribution des résultats
% des personnes avec chaque résultat
Percentile par nombre de réponses
Votre historique - résultats
Vous n’avez pas pris ce quiz